Introducción al currículo
Salvato in:
| Autore principale: | |
|---|---|
| Altri autori: | |
| Natura: | Libro |
| Lingua: | spagnolo |
| Pubblicazione: |
San José
EUNED
1995
|
| Soggetti: | |
| Tags: |
Aggiungi Tag
Nessun Tag, puoi essere il primo ad aggiungerne!!
|
MARC
| LEADER | 00000nam a22000005a 4500 | ||
|---|---|---|---|
| 003 | CL-ChBUA | ||
| 005 | 20150121203115.0 | ||
| 008 | 150121s1995 cr ||||| |||| 000 ||spa | ||
| 020 | |a 9977644969 | ||
| 040 | |a CL-ChBUA |c CL-ChBUA | ||
| 082 | 0 | 0 | |a 375.001 |
| 100 | 1 | |a Bolaños Bolaños, Guillermo | |
| 245 | 1 | 0 | |a Introducción al currículo |c Guillermo Bolaños Bolaños, Zaida Molina Bogantes |
| 260 | |a San José |b EUNED |c 1995 | ||
| 300 | |a 184 páginas |c 27 centímetros | ||
| 504 | |a índice, bibliografía | ||
| 650 | 4 | |a EDUCACION CURRICULAR | |
| 650 | 4 | |a PLANIFICACION CURRICULAR | |
| 700 | 1 | |a Molina Bogantes, Zaida | |
| 942 | |2 ddc |c LIB | ||
| 952 | |0 0 |1 0 |2 ddc |4 0 |6 375_001000000000000_B_687 |7 0 |9 1143553 |a UNACH |b UNACH |c 300 |d 2015-01-21 |i 54.735 |l 5 |m 1 |o 375.001 / B 687 |p 81450 |r 2025-04-22 00:00:00 |s 2025-04-07 |t 1 |w 2015-01-21 |y LIB | ||
| 999 | |c 2181636 |d 2181636 | ||